000 01238nam0a22002531 4500
001 rc\4454007
005 20260407182014.0
021 _aRU
_b[67-13935]
035 _a(NLR Aleph) 008589059
090 _a8632773
_c8632773
100 _a20130416d1967 |||y0rusy50 ca
101 0 _arus
102 _aRU
105 _ay z |||||
200 1 _aТезисы докладов
_fАН БССР. Науч. совет по проблеме "Физика твердого тела и полупроводников". Ин-т физики твердого тела и полупроводников. V Всесоюз. совещание по физ. и физ.-хим. свойствам ферритов. 31 янв. - 4 фев. 1967 г.
210 _aМинск
_cБ. и.
_d1967
215 _a68 с.
_d20
606 _aФерриты
_xФизико-химические свойства
_jТезисы докладов
_2psbo
710 1 2 _aВсесоюзное совещание по физическим и физико-химическим свойствам ферритов
_d5
_f1967
_eМинск
_3RU\NLR\AUTH\8810116947
_9733116
801 0 _aRU
_bNLR
_gpsbo
801 1 _aRU
_bELAR
_2rusmarc
852 _aNLR
_j67-4/5105
942 _cBOOK
980 _aNB